ASME 2021 International Mechanical Engineering Congress and Exposition (IMECE2021): Volume 12: Mechanics of Solids, Structures, and Fluids; Micro- and Nano- Systems Engineering and Packaging

מידע ביבליוגרפי
פורמט: אלקטרוני כתב-עת
שפה:English
יצא לאור: ASME
גישה מקוונת:Full text available on ASME[2021-2021]
Off-campus access
LEADER 01085cas a2200181 a 4500
001 AALConferenceProceedingsASME000296
008 230101c9999 xx r poo 0 0eng d
020 |a 978-0-7918-8568-0 
040 |a BD-DhAAL  |c BD-DhAAL 
245 0 0 |h [electronic resource]  |a ASME 2021 International Mechanical Engineering Congress and Exposition (IMECE2021): Volume 12: Mechanics of Solids, Structures, and Fluids; Micro- and Nano- Systems Engineering and Packaging 
260 |b ASME 
300 |a 1 online resource 
500 |a <strong>Off-Campus Access:</strong> Athens ID and Password Required 
500 |a <strong>On-Campus Access:</strong> No User ID or Password Required 
506 |a Electronic access restricted to authorized BRAC University faculty, staff and students 
538 |a Mode of access: Internet 
856 4 0 |z Full text available on ASME[2021-2021]  |u https://asmedigitalcollection.asme.org/IMECE/IMECE2021/volume/85680 
856 4 0 |z Off-campus access  |u https://go.openathens.net/redirector/bracu.ac.bd?url=https%3A%2F%2Fasmedigitalcollection.asme.org%2FIMECE%2FIMECE2021%2Fvolume%2F85680